000 00649nam a2200229 u 4500
005 20240228064026.0
008 110922s2003 r 000 0 eng d
020 _a8421692313
035 _aUPN01000181878
049 _aI
050 4 _aPZ76.3
_bK5.33
100 1 _aKing-Smith, Dick,
_d1922-
245 1 0 _aGenio /
_cDick King-Smith.
260 _aMadrid :
_bBruño,
_cc2003.
300 _a105 p. :
_bil. col.
440 0 _aAltamar.
_pCuentos ;
_v147
650 0 _aAnimales
_vCuentos y leyendas
_9234
650 0 _aLiteratura infantil inglesa
_911046
650 4 _aLibros y lectura para niños
_92290
905 _aInfantil
999 _c153981
_d153981